=LDR 00000nam 2200000 4500 =001 INLIS000000000031222 =990 ##$$a 21400613/BPAP-NTB/20142014 =990 ##$$a 21400613/BPAP-NTB/20142014 =005 20130612133315 =008 ***********************************Ind** =035 ##$$0010-061300000031222 =041 ##$$a Ind =082 ##$$a 597 =090 ##$$a 597, Fuj f =100 ##$$a Fujaya, Yushinta =245 ##$$a Fisiologi ikan, dasar pengembangan teknologi perikanan, Yushinta Fujaya =260 ##$$a 2009 $b Jakarta =300 ##$$a ix, 179 hlm, ilus, 21 cm =850 ##$$a NBPNMAT =990 ##$$a 21400613/BPAP-NTB/20142014 =990 ##$$a 0001/BPAP-NTB/2015